Slovenský týždeň noviny pre slovenských robotníkov v Nemecku

Bibliographic Details
Format: Newspaper
Language:Slovak
PhysicalDescription:5 zv. 45 cm
Published: Berlín Fremdsprachdienst Verlags G. mB. H. 1941-1945
Berlín Nakladateľstvo Slovenského týždňa
Berlín Bratislava
Subjects:

MARC

LEADER 00000cas a2200000 a 4500
001 vtls010300488
003 SK-MaSNL
005 20260228161728.0
008 110810d19411945gw wr|ne 0 b0slo
040 |a SNK  |b slo  |c SNK  |e AACR2 
041 0 |a slo 
044 |a gw  |c DE  |a xo  |c SK 
072 7 |a 32  |x Politika  |2 konspekt 
080 |a 32  |2 2011 
080 |a 050  |2 2001 
080 |a 070.48  |2 2011 
245 0 0 |a Slovenský týždeň  |b noviny pre slovenských robotníkov v Nemecku 
260 |a Berlín  |b Fremdsprachdienst Verlags G. mB. H.  |c 1941-1945 
260 2 |3 20/1942-23/1943  |a Berlín  |b Nakladateľstvo Slovenského týždňa 
260 3 |3 24/1943-1945  |a Berlín  |a Bratislava  |b Nakladateľstvo Slovenského týždňa 
300 |a 5 zv.  |c 45 cm 
310 |a 1x týždenne 
362 0 |a Roč. I, č. 1 (13.4.1941)-roč. V, č. 5 (4.2.1945) 
500 |a Zmena podnázvu: od 37-38/(Vianoce 1941) ilustrované noviny pre slovenskú pracujúcu pospolitosť 
500 |a Red. sa menia 
500 |a Tlač.: Deutscher Verlag 
525 |a Mal prílohu: Úroda - od 37/(19.9.1943-do 18/(3.12.1944) ; Slovenská nedeľa - od 13.6.1943-do 23. čísla 
650 0 7 |a politika  |2 SNKPH  |9 968 
655 7 |a noviny  |2 SNKPH  |9 72987 
770 0 |t Slovenská nedeľa 
770 0 |t Úroda 
910 |a snk 
999 |c 5975  |d 7905 
952 |0 0  |1 0  |4 0  |7 0  |a SNK  |b SNK  |d 2001-04-18  |l 0  |o snkČSA 367/1/1941 D1  |p 17A0297502  |r 2005-01-02 00:00:00  |w 2026-02-21  |y PREZ 
952 |0 0  |1 0  |4 0  |7 0  |a SNK  |b SNK  |d 2001-06-23  |l 0  |o snkČSA 367/1/1941  |p 17A0152920  |r 2005-01-02 00:00:00  |w 2026-02-21  |y PREZ 
952 |0 0  |1 0  |4 0  |7 0  |8 5  |a SNK  |b SNK  |d 2008-08-07  |i snkČSF 1081/58  |l 0  |o snkČSA 367/3/1943  |p 17A0594417  |r 2026-02-21 20:28:50  |t č. 1-45  |w 2026-02-21  |y PREZ 
952 |0 0  |1 0  |4 0  |7 0  |a SNK  |b SNK  |d 2001-04-18  |l 0  |o snkČSA 367/3/1943 D1  |p 17A0297496  |r 2005-01-02 00:00:00  |w 2026-02-21  |y PREZ 
952 |0 0  |1 0  |4 0  |7 0  |a SNK  |b SNK  |d 2001-04-18  |l 0  |o snkČSA 367/2/1942 D1  |p 17A0297400  |r 2005-01-02 00:00:00  |w 2026-02-21  |y PREZ 
952 |0 0  |1 0  |4 0  |7 0  |8 5  |a SNK  |b SNK  |d 2013-07-04  |i snkČSF 1082/58  |l 0  |o snkČSA 367/4/1944  |p 17A0767494  |r 2026-02-21 20:51:04  |t č. 1-52, neúplné  |w 2026-02-21  |y PREZ  |z Chýba č. 7-10, 12, 19-41